Statistics for TOP 50 Biggest Companies

Click here to take the quiz!

General Stats

  • This quiz has been taken 214 times
  • The average score is 17 of 50

Answer Stats

RankingAnswerMarket Cap Value% Correct
1Apple$2.39T
97%
47AT & T$183B
94%
2Microsoft$2.28T
88%
4Amazon$1.72T
84%
3Google$1.88T
79%
10Visa$491B
76%
5Facebook$915B
75%
6Tesla$834B
71%
14Walmart$391B
66%
17Mastercard$351B
64%
48McDonald's$180B
61%
28Coca Cola$235B
55%
19Disney$320B
53%
35PepsiCo$219B
49%
24Exxon Mobil$264B
41%
15Bank of America$390B
39%
26Nike$250B
38%
34Intel$220B
37%
9JP Morgan$497B
36%
7Berkshire Hathaway$643B
34%
23Netflix$278B
33%
36Verizon$216B
32%
12Johnson & Johnson$424B
29%
8Nvidia$546B
26%
30Pfizer$232B
26%
11Alibaba$450B
25%
25Oracle$260B
25%
41Costco$199B
24%
20Paypal$315B
22%
29Cisco$233B
21%
42Wells Fargo$198B
21%
38Chevron$211B
20%
31Thermo Fisher$229B
18%
16Home Depot$369B
16%
46Morgan Stanley$186B
16%
13UnitedHealth$403B
16%
27Comcast$247B
14%
18Procter & Gamble$350B
14%
22Salesforce$285B
11%
21Adobe$290B
9%
43Merck$198B
9%
44Sea$195B
7%
50Shopify$177B
6%
49Texas Instruments$179B
5%
39Abbott$208B
4%
45Abbvie$193B
4%
32Eli Lilly$227B
4%
33Accenture$224B
3%
40Broadcom$207B
3%
37Danaher$215B
1%

Score Distribution

Percentile by Number Answered

Percent of People with Each Score

Your Score History

You have not taken this quiz